000
00320nam a2200133Ia 4500
008
240624s9999 xx 000 0 und d
041
_a
eng
082
_a
823 NAR
100
_a
NARAYAN R K
245
_a
BACHELOR OF ARTS
260
_c
2003
_a
Chennai
_b
Indian Thought Publications
300
_a
166 : cm. ; 22
365
_c
RS
999
_c
2288
_d
2288